Hasi fájdalom differenciáldiagnosztikája

Elmentve itt :
Bibliográfiai részletek
Szerző: Schneider Erzsébet
Dokumentumtípus: Prezentáció
Tárgyszavak:
Online Access:http://eta.bibl.u-szeged.hu/2480
LEADER 00669nnm a2200181 i 4500
001 eta2480
005 20200103122853.0
008 200103suuuu hu o 0|| hun d
040 |a SZTE Elektronikus Tananyag Archívum  |b hun 
041 |a hun 
100 1 |a Schneider Erzsébet 
245 1 0 |a Hasi fájdalom differenciáldiagnosztikája  |h [elektronikus dokumentum] /  |c  Schneider Erzsébet 
300 |a 30 
516 |a Presentation 
650 4 |a Orvos- és egészségtudomány 
650 4 |a Klinikai orvostan 
650 4 |a Általános- és belgyógyászat 
856 4 0 |u https://eta.bibl.u-szeged.hu/2480/1/schneider_erzsebet_hasi_fajdalom_differencialdiagnosztikaja.pdf  |z Dokumentum-elérés